• 首页
  • 本馆介绍
  • 公告通知
  • 最新文献
  • 馆藏检索
  • 电子资源
  • 读者导购
  • 参考咨询
  • 我的图书馆
  • 登录
  • 详细信息显示
  • 放入我的书架
  • 预约/预借图书
  • 作者相关作品
  • 分类相关作品
  • 丛书相关作品
  • 出版社相关作品

书目信息

  • 表格格式
  • 工作单格式
  • 卡片格式
题名:
经济·文化与现代电视传媒
    
 
作者: 高鑫 , 贾秀清 主编
分册:  
出版信息: 北京   北京师范大学出版社  2009
页数: 466页
开本: 23cm
丛书名:
单 册:
中图分类: G229.2
科图分类:
主题词: 经济--关系--电视工作--研究--中国 , 文化--关系--电视工作--研究--中国 , 经济 , 电视工作 , 文化
电子资源:
ISBN: 978-7-303-09821-7
000 01103nam0 2200301 45
001 1029891745
005 20100428151220.50
010    @a978-7-303-09821-7@dCNY46.00
100    @a20100420d2009 em y0chiy50 ea
101 0  @achi
102    @aCN@b110000
105    @ay z 000yy
106    @ar
200 1  @a经济·文化与现代电视传媒@AJing Ji· Wen Hua Yu Xian Dai Dian Shi Chuan Mei@f高鑫,贾秀清主编@FGao Xin, Jia Xiu Qing Zhu Bian
210    @a北京@c北京师范大学出版社@d2009
215    @a466页@d23cm
300    @a教育部人文社会科学研究重大项目成果艺术类
330    @a本书分五编,共22章,内容包括冲突与融会——“全球化”与“本土化”的时代双轨、现代与实质——媒体之路上的“经济全球化”与“文化本土化”、挑战与机遇——“全球化”与“本土化”潮涌中的电视传媒等。
606 0  @a经济@x关系@x电视工作@x研究@y中国
606 0  @a文化@x关系@x电视工作@x研究@y中国
606 0  @a经济
606 0  @a电视工作
606 0  @a文化
690    @aG229.2@v4
701  0 @a高鑫@AGao Xin@4主编
701  0 @a贾秀清@AJia Xiu Qing@4主编
801  0 @aCN@bTANGWEI@c20100428
905    @b0593807-09@dG229.2@e110@f3
    
    经济·文化与现代电视传媒/高鑫,贾秀清主编.-北京:北京师范大学出版社,2009
    466页;23cm
    教育部人文社会科学研究重大项目成果艺术类
    
    ISBN 978-7-303-09821-7:CNY46.00
    本书分五编,共22章,内容包括冲突与融会——“全球化”与“本土化”的时代双轨、现代与实质——媒体之路上的“经济全球化”与“文化本土化”、挑战与机遇——“全球化”与“本土化”潮涌中的电视传媒等。
●
相关链接 在E读中查询图书 在五车中查询图书 在当当中查询图书 在豆瓣中查询图书


正题名:经济·文化与现代电视传媒     索取号:G229.2/110         预约/预借

序号 登录号 条形码 馆藏地/架位号 状态 备注
1 0593807   205938075   第一样本阅览室/ [索取号:G229.2/110] 在馆    
2 0593808   205938084   第四借阅区/ [索取号:G229.2/110] 在馆    
3 0593809   205938093   第四借阅区/ [索取号:G229.2/110] 在馆    
唐山师范学院图书馆 欢迎您!
大连网信软件有限公司© 版权所有